Statistics for Guess The Logo Trigger Donke

Click here to take the quiz!

General Stats

  • This quiz has been taken 28 times
  • The average score is 10 of 15

Answer Stats

Answer% Correct
instagram
92%
toyota
92%
burger king
88%
starbucks
88%
gucci
85%
jetpunk
85%
arby's
73%
ikea
73%
marvel
73%
new balance
62%
rayban
42%
firestone
38%
gerber
38%
tiffany and co
35%
ing
19%

Score Distribution

Percentile by Number Answered

Percent of People with Each Score

Your Score History

You have not taken this quiz